000 00436nam a2200181Ia 4500
001 23295
005 20260414150927.0
008 260414t2013||||xx |||||||||||||| ||spa||
041 _aESP
082 _a628.3
_bL44
100 _aLemos Chernicharo, Carlos Augusto de
_eAUT
245 0 _aReactores anaerobios
_b
260 _c2013
300 _a395 páginas :
_c21 cm.
650 _aCNM
654 _aCCN
942 _cLIB
_dJUS
_fJUS
_2ddc
_n
999 _c23295
_d23295